000 00495nam a2200205Ia 4500
005 20240703114517.0
008 131103s9999 xx 000 0 und d
040 _aLoreto College
041 _aEnglish
082 _a796
_bMAS
100 _aMason, Bernard S.
245 _aActive games and contests
_cBernard S. Mason
260 _a[s.l.]
_b[s.n.]
_c[19?]
300 _a598p.
_b ill.
504 _aIncludes index
650 _aGames
651 _aSports
850 _aLCBED
942 _cBK
999 _c30180
_d80659